Statistiques concernant Les 9 communes de Saint-Marin

Cliquez ici pour prendre le quiz!

Statistiques générales

  • Ce quiz a été pris 67 fois
  • Le résultat moyen est 4 sur 9

Statistiques - réponses

nombre d'habitantsnom de la commune% Correct
4 079 habitantsSaint-Marin
95%
2 530 habitantsFiorentino
41%
2 119 habitantsAcquaviva
36%
6 741 habitantsBorgo Maggiore
36%
1 112 habitantsChiesanuova
36%
3 393 habitantsDomagnano
36%
1 176 habitantsFaetano
36%
915 habitantsMontegiardino
36%
10 733 habitantsSerravalle
36%

Distribution des résultats

Percentile par nombre de réponses

% des personnes avec chaque résultat

Votre développement - résultats

Vous n’avez pas pris ce quiz